Ekonomické výsledky středních a velkých podniků v průmyslu v letech 1993 až 1997

Veľkostná štruktúra podnikov v priemysle v ČR. Výrobné a finančné ukazovatele stredných a veľkých podnikov v priemysle. Vývoj a štruktúra ich nákladov a výnosov, produktivita práce a priemerná mzda. Tvorba kapitálu v stredných a veľkých priemyselných podnikoch.

Salvato in:
Dettagli Bibliografici
Autore principale: Rathouská, Blanka
Natura: Capitolo di libro
Lingua:ceco
Soggetti:
Tags: Aggiungi Tag
Nessun Tag, puoi essere il primo ad aggiungerne!!

MARC

LEADER 00000naa a2200000 4500
001 r035455
005 20231002092712.3
041 0 |a cze 
044 |a CZ 
245 1 0 |a Ekonomické výsledky středních a velkých podniků v průmyslu v letech 1993 až 1997  |c Blanka Rathouská 
520 |a Veľkostná štruktúra podnikov v priemysle v ČR. Výrobné a finančné ukazovatele stredných a veľkých podnikov v priemysle. Vývoj a štruktúra ich nákladov a výnosov, produktivita práce a priemerná mzda. Tvorba kapitálu v stredných a veľkých priemyselných podnikoch. 
610 2 0 |a podnik stredný 
610 2 0 |a podnik veľký 
610 2 0 |a priemysel 
610 2 0 |a Česko 
610 2 0 |a údaje štatistické 
610 2 0 |a hospodárenie finančné 
610 2 0 |a hospodárenie podnikové 
610 2 0 |a výnosy 
610 2 0 |a náklady 
610 2 0 |a produktivita práce 
610 2 0 |a mzdy priemerné 
610 2 0 |a ukazovatele 
610 2 0 |a veľkosť podnikov 
610 2 0 |a 1993-1997 
100 1 |a Rathouská, Blanka